000 00432nam a2200205Ia 4500
001 003967
003 YMCAF
005 20230512160240.0
008 100717s1971 ||||||||||||||||| ||und|d
024 _a3967
035 _a3972
040 _aYMCAF
_beng
_cIN-KoLT
041 _aeng
082 _aGUI-PAR
100 _aPARTON C.G.
245 0 _aGUIDED EXAMPLES IN ELEC. ENGG
260 _c1971
300 _a88
942 _2ddc
_cBK
999 _c3161
_d3161